Home Print Resources E-Books E-Journals IIMT Lecture Series Library Membership Form Book Recommendation Form Campus Tour Take AdmissionAbout Us Contact Us

Computer Aided Design (Record no. 6091)

000 -LEADER
fixed length control field 00347nam a2200157Ia 4500
003 - CONTROL NUMBER IDENTIFIER
control field OSt
005 - DATE AND TIME OF LATEST TRANSACTION
control field 20240522141714.0
008 - FIXED-LENGTH DATA ELEMENTS--GENERAL INFORMATION
fixed length control field 170524s9999 xx 000 0 und d
020 ## - INTERNATIONAL STANDARD BOOK NUMBER
International Standard Book Number 978-9381141663
040 ## - CATALOGING SOURCE
Transcribing agency iimtu
100 ## - MAIN ENTRY--PERSONAL NAME
Personal name Srivastava- R.K.
245 #0 - TITLE STATEMENT
Title Computer Aided Design
260 ## - PUBLICATION, DISTRIBUTION, ETC.
Name of publisher, distributor, etc. Umesh Pub.
260 ## - PUBLICATION, DISTRIBUTION, ETC.
Date of publication, distribution, etc. 2012
942 ## - ADDED ENTRY ELEMENTS (KOHA)
Source of classification or shelving scheme
Koha item type Book Bank
Holdings
Withdrawn status Lost status Source of classification or shelving scheme Damaged status Not for loan Home library Current library Date acquired Full call number Barcode Date last seen Uniform Resource Identifier Price effective from Koha item type Public note Total Checkouts Date last checked out
          IIMT University Central Library Meerut IIMT University Central Library Meerut 05/30/2017 R 01-B-58983 05/30/2017 Computer Aided Design 05/30/2017 Reference Book Engineering Departmental Library books    
          IIMT University Central Library Meerut IIMT University Central Library Meerut 05/30/2017   01-B-58984 09/10/2024 Computer Aided Design 05/30/2017 Book Bank   2 09/10/2024
          IIMT University Central Library Meerut IIMT University Central Library Meerut 05/30/2017   01-B-58985 05/30/2017 Computer Aided Design 05/30/2017 Book Bank      
          IIMT University Central Library Meerut IIMT University Central Library Meerut 05/30/2017   01-B-58986 05/30/2017 Computer Aided Design 05/30/2017 Book Bank      
          IIMT University Central Library Meerut IIMT University Central Library Meerut 05/30/2017   01-B-58987 05/30/2017 Computer Aided Design 05/30/2017 Book Bank      
IIMT, Central Library. All Rights Reserved IIMT,UNIVERSITY © 2023
Implemented and Customised by I CLOUDE EMS
You Are OPAC Visitor No
free web counter

Powered by Koha